Neviditelný nepřítel

Bibliographic Details
Main Author: Corsariová, Willy (Author)
Format: Book
Language:English
PhysicalDescription:251 s.
Published: Praha Svoboda 1992
Edition:2. vyd.

MARC

LEADER 00000nam a2200000 a 4500
001 vtls001493950
003 SK-MaSNL
005 20260302073819.0
008 240314 000 0 eng
040 |a SNK  |b slo  |c SNK  |e AACR2 
100 1 |a Corsariová, Willy  |4 aut  |9 738673 
245 1 0 |a Neviditelný nepřítel 
250 |a 2. vyd. 
260 |a Praha  |b Svoboda  |c 1992 
300 |a 251 s. 
999 |c 1162516  |d 1164446 
952 |a SNK  |b SNK  |y VYP  |7 0  |p 17A0351642  |o snkID 93613  |i snkKIP 7613/92  |3 rekatalogizácia  |0 0  |1 0  |4 0  |d 2005-02-15  |l 0  |r 2026-02-24 20:38:13  |w 2026-02-24